Click to Assemble Country Shapes #2 - Statistics

General Stats
  • This quiz has been taken 2,576 times
  • The average score is 17 of 25
Answer Stats
Hint Extra Hint Explanation Answer % Correct
Click the missing half France
92%
Click the missing half Croatia
82%
Click the missing half Indonesia
82%
Click the missing half Somalia
82%
Click the missing half Senegal
80%
Click the missing half Egypt
79%
Click the missing half Philippines
78%
Click the missing half United Kingdom
77%
Click the missing half India
76%
Click the missing half Vatican
76%
Click the missing half Italy
73%
Click the missing half China
71%
Click the missing half Germany
66%
Click the missing half Kazakhstan
66%
Click the missing half Brazil
64%
Click the missing half Mali
62%
Click the missing half Saudi Arabia
59%
Click the missing half United Arab Emirates
59%
Click the missing half Venezuela
57%
Click the missing half Zambia
50%
Click the missing half North Korea
50%
Click the missing half Dominican Republic
49%
Click the missing half Madagascar
44%
Click the missing half Pakistan
43%
Click the missing half Nicaragua
41%
No matching quizzes found
Score Distribution
Percent of People with Each Score
Percentile by Number Answered
Your Score History
You have not taken this quiz